[Event "GER-chT Christmas U20"]
[Site "Playchess.com INT"]
[Date "2020.12.29"]
[Round "1.1"]
[White "Kolb, Tobias"]
[Black "Scheuer, Adrian"]
[Result "1-0"]
[WhiteElo "2285"]
[BlackElo "1600"]
[PlyCount "145"]
[EventDate "2020.12.29"]
[EventType "team-swiss (blitz)"]
[EventRounds "7"]
[EventCountry "GER"]
[SourceTitle "CBM 200 Extra"]
[Source "ChessBase"]
[SourceDate "2021.03.31"]
[SourceVersion "1"]
[SourceVersionDate "2021.03.31"]
[SourceQuality "1"]
[WhiteTeam "Bamberg"]
[BlackTeam "Ersingen"]
[WhiteTeamCountry "GER"]
[BlackTeamCountry "GER"]

1. e4 c5 2. Nc3 e6 3. g3 d5 4. exd5 exd5 5. Bg2 Nf6 6. Nge2 Nc6 7. d4 Be6 8. 0-0 Be7 9. Bg5 h6 10. Bxf6 Bxf6 11. dxc5 d4 12. Ne4 0-0 13. Nxf6+ Qxf6 14. Bxc6 bxc6 15. Qxd4 Qf3 16. Qe3 Qh5 17. Nf4 Qf5 18. Nxe6 fxe6 19. Rae1 Rae8 20. Re2 Qd5 21. b3 Rf3 22. Qe4 Rc3 23. Qxd5 cxd5 24. b4 Kf7 25. Rb1 Rb8 26. Rb2 a5 27. Re3 Rc4 28. c3 Rxc5 29. a4 Rc4 30. Re1 axb4 31. Reb1 Rxc3 32. Rxb4 Rxb4 33. Rxb4 Ra3 34. h4 Kf6 35. Kg2 g5 36. h5 Kf5 37. g4+ Ke5 38. f3 d4 39. Kg3 d3 40. Kf2 Kd5 41. Ke3 d2+ 42. Kxd2 Rxf3 43. Ke2 Ra3 44. Kf2 Ke5 45. Kg2 Rd3 46. Rb5+ Kd6 47. Rb6+ Ke5 48. Rb5+ Kd6 49. Rb4 Kc5 50. Rb5+ Kc6 51. Re5 Kd6 52. Re4 Ra3 53. Rb4 Kc5 54. Rb5+ Kc4 55. Re5 Rxa4 56. Rxe6 Kd3 57. Kg3 Kd4 58. Rxh6 Ra3+ 59. Kf2 Ke4 60. Rf6 Ke5 61. Rf5+ Ke6 62. Rxg5 Ra7 63. Kg3 Ra3+ 64. Kh4 Kf6 65. Rf5+ Kg7 66. Kg5 Rg3 67. Rb5 Ra3 68. Rb7+ Kf8 69. Rb5 Ra7 70. Kh6 Kg8 71. g5 Ra6+ 72. g6 Ra7 73. Rb8# 1-0

[Event "DSOL 06 Liga Gr-D 1st"]
[Site "Playchess.com INT"]
[Date "2020.07.17"]
[Round "4.2"]
[White "Schwietzer, Marcel"]
[Black "Scheuer, Adrian"]
[Result "1-0"]
[WhiteElo "1398"]
[BlackElo "1600"]
[PlyCount "62"]
[EventDate "2020.06.22"]
[EventType "team-tourn (rapid)"]
[EventCountry "GER"]
[SourceTitle "EXT 2021"]
[Source "ChessBase"]
[SourceDate "2020.10.23"]
[SourceVersion "1"]
[SourceVersionDate "2020.10.23"]
[SourceQuality "1"]
[WhiteTeam "Kreuzberg II"]
[BlackTeam "Ersingen"]
[WhiteTeamCountry "GER"]
[BlackTeamCountry "GER"]

1. e4 c6 2. Nf3 d5 3. exd5 cxd5 4. d4 Nf6 5. Bd3 Bg4 6. Nc3 e6 7. 0-0 Nc6 8. Be3 a6 9. h3 Bh5 10. g4 Bg6 11. Ne5 Bd6 12. f4 Bxd3 13. Qxd3 Qc7 14. Nxc6 Qxc6 15. f5 0-0-0 16. fxe6 fxe6 17. Rae1 h5 18. g5 Nd7 19. Bf4 e5 20. dxe5 Bc5+ 21. Kh2 d4 22. Ne4 Rhf8 23. Nxc5 Nxc5 24. Qd2 d3 25. e6 dxc2 26. Qxc2 Rfe8 27. e7 Rd7 28. Rc1 Rexe7 29. Qxc5 Re2+ 30. Kg3 Rd3+ 31. Kh4 Rxb2 1-0